000 00956nam a2200301Ia 4500
003 OSt
005 20221007123221.0
006 a|||||r|||| 00| 0
007 ta
008 221006b |||||||| |||| 00| 0 eng d
020 _a0824791142
_c
_ 195.00
024 _a2799
037 _bShankar,
_cTextual
040 _aPAPL
_cPAPL
_beng
041 _2eng
_aeng
082 _aC9D8,23, N4
100 _aHermann Allen M Ed
_9716875
245 0 _aThallium-based high-temperature superconductors ed by Allen M Hermann J V Yakhmi
_b Yakhmi J V Ed
260 _aNew
_bYork Marcel Dekker
_c1994
300 _a624p
_ccm.
500 _a23/CSL/94-95/Carpa/1828^d1994-08-06^mPurchase
650 _a High temperture
_9716876
650 _a Superconductors
_9716877
650 _aPhysics
700 _a Yakhmi J V Ed
_9716878
942 _hC9D8,23, N4
_cTEXL
_2CC
999 _c1211544
_d1211544